| 000 | 01681nam0a2200409 i 4500 | ||
|---|---|---|---|
| 001 | RU\NLR\BIBL_A\011005282 | ||
| 005 | 20260408070403.0 | ||
| 010 |
_a9785977008976 _bМПСУ |
||
| 010 |
_a978-5-9936-0106-9 _bМОДЭК _91000 |
||
| 021 |
_aRU _b2016-11694 _9759 |
||
| 035 | _a(NILC)RuMoRGB-008146178 | ||
| 035 | _a(NLR Aleph) 011005282 | ||
| 090 |
_a10991185 _c10991185 |
||
| 100 | _a20160303d2016 u y0rusy50 ca | ||
| 101 | 0 | _arus | |
| 102 | _aRU | ||
| 105 | _ay|||e|||000 | ||
| 200 | 1 |
_aАнатомия и физиология _eсловарь-справочник _fРоссийская акад. образования, Московский психолого-социальный ун-т _gавт.-сост. С. С. Тверская |
|
| 205 | _a5-е изд., испр. и доп. | ||
| 210 |
_aМосква _cМПСУ _aВоронеж _cМОДЭК _d2016 |
||
| 215 |
_a370 с. _d20 |
||
| 320 | _aБиблиогр.: с. 366-367 | ||
| 320 | _aАлф. указ.: с. 345-365 | ||
| 606 |
_aЧеловек _jСправочники _xАнатомия _92080069 _3RU\NLR\AUTH\661255980 |
||
| 606 |
_aЧеловек _jСправочники _xФизиология _92080066 _3RU\NLR\AUTH\661255977 |
||
| 675 | _a611 | ||
| 686 | 1 | _aЕ860я2 | |
| 686 | 1 | _aЕ903я2 | |
| 702 | 1 |
_aТверская _bС. С. _gСветлана Семеновна _4220 |
|
| 712 | 0 | 2 |
_4570 _aМосковский психолого-социальный университет _3RU\NLR\AUTH\8810212131 _9311307 |
| 801 | 0 |
_aRU _bРГБ _c20160215 _gRCR |
|
| 942 | _cBOOK | ||
| 980 | _aNBR | ||